| 000 | 00870nam a2200253 a 4500 | ||
|---|---|---|---|
| 001 | 1091 | ||
| 003 | BR-CuiBMT | ||
| 005 | 20231130004530.0 | ||
| 008 | 231128s2013 rjba 000 0 por d | ||
| 020 | _a9788535270013 | ||
| 040 |
_aBR-CuiBMT _cBR-CuiBMT |
||
| 080 |
_a351.72 _x(079.1) _22007 |
||
| 090 |
_a351.72(079.1) _bN244l |
||
| 100 | 1 | 0 | _aNascimento, Sávio |
| 245 | 1 | 0 |
_aLei de responsabilidade fiscal : _blegislação explicada e mais de 240 questões de concursos com gabarito / _cSávio Nascimento. |
| 260 |
_aRio de Janeiro : _bElsevier : _bCampus, _c2013. |
||
| 300 |
_a194 p. : _bil. ; _c24 cm |
||
| 490 | 1 | _aSérie provas & concursos | |
| 504 | _ainclui bibliografia. | ||
| 650 |
_aResponsabilidade fiscal _xProblemas, questões, exercícios _zBrasil |
||
| 650 |
_aServiço público _xConcurso _zBrasil |
||
| 830 | 0 | _aProvas & concursos | |
| 942 |
_2udc _cLV |
||
| 999 |
_c1091 _d1091 |
||